MARC

LEADER 00000nam0a2200000 4500
001 117046
005 20231101215354.0
035 |a (RuTPU)RU\TPU\book\126664 
090 |a 117046 
100 |a 20070530d1987 m y0rusy50 ca 
101 0 |a rus 
102 |a RU 
105 |a acf z 001zy 
200 1 |a РСФСР - фронту. 1941-1945  |e документы и материалы  |f Центральный государственный архив РСФСР; Центральный государственный архив народного хозяйства СССР; Академия наук СССР, Институт истории СССР; сост. Н. П. Беликова, Л. Е. Ефанова, М. И. Кулькова и др.; худ. Э. А. Розен 
210 |a Москва  |c Советская Россия  |d 1987 
215 |a 384 с., [8] вкл. л.  |c ил.  |d 20,5 см. 
320 |a Примечания: с. 350-369 
320 |a Географический указатель: с. 370-379 
320 |a Список сокращенных слов: с. 379-383. 
610 1 |a Россия 
610 1 |a история 
610 1 |a Великая Отечественная война 1941-1945 
610 1 |a документы 
610 1 |a тыл 
686 |a Т3(2)722.9-2  |v LBC/SL-A  |2 rubbk 
702 1 |a Беликова  |b Н. П.  |g Нинель Павловна  |4 220 
702 1 |a Ефанова  |b Л. Е.  |g Лариса Евгеньевна  |4 220 
702 1 |a Кулькова  |b М. И.  |g Маргарита Ивановна  |4 220 
702 1 |a Негинская   |b О. А.  |g Ольга Анатольевна  |4 220 
702 1 |a Осин  |b В. М.  |g Владимир Михайлович  |4 220 
702 1 |a Розен  |b Э. А.  |4 040 
712 0 1 |a РСФСР  |b Центральный государственный архив (ЦГА РСФСР)  |c (Москва)  |c (1957-1992)  |2 stltpush  |3 (RuTPU)RU\TPU\col\11071 
712 0 2 |a Центральный государственный архив народного хозяйства СССР  |2 stltpush  |3 (RuTPU)RU\TPU\col\11072  |9 24966 
712 0 2 |a Академия наук СССР (АН СССР)  |b Институт истории СССР  |c (1968-1991)  |c (Москва)  |2 stltpush  |3 (RuTPU)RU\TPU\col\11069 
801 1 |a RU  |b 63413507  |c 20070530  |g PSBO 
801 2 |a RU  |b 63413507  |c 20090518  |g PSBO 
942 |c BK